Eraclio Zepeda de bolsillo /

Eraclio Zepeda (Tuxtla Gutiérrez, 1937), escritor mexicano, cursó estudios de Antropología Social en la Universidad Veracruzana (UV), formación profesional que junto con su muy activa militancia política de izquierda tiene reflejo en sus propuestas literarias. Reconocido principalmente como cuentist...

Mô tả đầy đủ

Đã lưu trong:
Chi tiết về thư mục
Tác giả chính: Zepeda, Eraclio (autor)
Tác giả khác: López Mijares, Antonio (selección) (selección)
Định dạng: Sách
Ngôn ngữ:Tiếng Tây Ban Nha
Được phát hành: Guadalajara, México : Torreón, México : Universidad de Guadalajara ; Patronato del Teatro Isauro Martínez, 1989, c1989
Những chủ đề:
Các nhãn: Thêm thẻ
Không có thẻ, Là người đầu tiên thẻ bản ghi này!

MARC

LEADER 00000nam^a2200000^a^4500
001 000277223
005 20250521000000.0
009 20260310111329.065
037 |a Acervo Xavier Clavigero 
041 |a ESP 
082 |a 863.  |b ZEP 
100 |a Zepeda, Eraclio  |e (autor) 
245 1 0 |a Eraclio Zepeda de bolsillo /  |c E. Zepeda ; selec. e introd. de A. López Mijares. 
264 4 |a Guadalajara, México :  |b Universidad de Guadalajara ;  |a Torreón, México :  |b Patronato del Teatro Isauro Martínez,  |c 1989, c1989 
300 |a 128 p. 
336 |a texto  |b txt  |2 rdacontenido 
337 |a sin mediación  |b n  |2 rdamedio 
338 |a volumen  |b nc  |2 rdasoporte 
520 |a Eraclio Zepeda (Tuxtla Gutiérrez, 1937), escritor mexicano, cursó estudios de Antropología Social en la Universidad Veracruzana (UV), formación profesional que junto con su muy activa militancia política de izquierda tiene reflejo en sus propuestas literarias. Reconocido principalmente como cuentista, es autor de los volúmenes Benzulul (1960), Asalto nocturno (1975, Premio Nacional de Cuento San Luis Potosí 1974) y Andando el tiempo (Premio Xavier Villaurrutia 1982), entre otros, además que sus relatos cortos han sido reunidos en compilaciones como Eraclio Zepeda de bolsillo (1989). El autor chiapaneco, sin embargo, ha cultivado muy diversos géneros literarios, como ejemplifican la obra de teatro El tiempo y el agua (1960); los poemarios colectivos La espiga amotinada (1960) y Ocupación de la palabra (1965); la Elegía a Rubén Jaramillo (1963); los libros para niños Un tango para hilvanado (1987), Ratón-que-vuela (1999) y Horas de vuelo (2005) y las novelas Las grandes lluvias (2005) y Tocar el fuego (2007). Reconocido con la Medalla Conmemorativa del Instituto Nacional Indigenista (INI) en 1980 y el Premio Chiapas de Arte en 1983, es miembro del Sistema Nacional de Creadores de Arte (SNCA) desde 1994. 
649 |a XX 
650 |a Cuentos Mexicanos 
650 |a Literatura Mexicana -  |y Siglo XX 
700 |a López Mijares, Antonio  |e (selección) 
910 |a Fondo General 
920 |a Impresos - Libros 
930 |a Colección General 
940 |a Literatura 
905 |a 101 
901 |a 057384  |b IT1  |c LIT  |u 20250521 
902 |a https://opac.biblio.iteso.mx/vufind/Record/000277223